• 首页
  • 本馆介绍
  • 公告通知
  • 最新文献
  • 馆藏检索
  • 电子资源
  • 读者导购
  • 参考咨询
  • 我的图书馆
  • 登录
  • 详细信息显示
  • 放入我的书架
  • 预约/预借图书
  • 作者相关作品
  • 分类相关作品
  • 丛书相关作品
  • 出版社相关作品

书目信息

  • 表格格式
  • 工作单格式
  • 卡片格式
题名:
应用多元统计分析
    
 
作者: 朱建平 主编
分册:  
出版信息: 北京   科学出版社  2016.01
页数: 10, 231页
开本: 26cm
丛书名:
单 册:
中图分类: O212.4
科图分类:
主题词: 多元分析--duo yuan fen xi--统计分析--高等学校--教材
电子资源:
ISBN: 978-7-03-047094-2
000 01056nam0 2200253 450
001 2033475611
005 20201122095010.14
010    @a978-7-03-047094-2@dCNY42.00
100    @a20160204e20192016em y0chiy50 ea
101 0  @achi
102    @aCN@b110000
105    @ay z 000yy
106    @ar
200 1  @a应用多元统计分析@9ying yong duo yuan tong ji fen xi@f朱建平主编
205    @a3版
210    @a北京@c科学出版社@d2016.01@h2019.10
215    @a10, 231页@d26cm
300    @a经济与管理类统计学系列教材“十二五”普通高等教育本科国家级规划教材教育部高等学校统计学类专业教学指导委员会推荐用书
330    @a本书以统计思想为主线,以SPSS软件为工具,深入地介绍各种多元统计方法的理论和应用。主要内容包括:多元分析概述、多元正态分布的参数估计、多元正态分布均值向量和协差阵的检验、判别分析、聚类分析、主成分分析、因子分析、相应分析、典型相关分析等。
606 0  @a多元分析@9duo yuan fen xi@x统计分析@x高等学校@j教材
690    @aO212.4@v5
701  0 @a朱建平@9zhu jian ping@4主编
801  0 @aCN@bBJSZM@c20201120
905    @b1244236-9@dO212.4@e154=3@f4
    
    应用多元统计分析/朱建平主编.-3版.-北京:科学出版社,2016.01(2019.10)
    10, 231页;26cm
    经济与管理类统计学系列教材“十二五”普通高等教育本科国家级规划教材教育部高等学校统计学类专业教学指导委员会推荐用书
    
    ISBN 978-7-03-047094-2:CNY42.00
    本书以统计思想为主线,以SPSS软件为工具,深入地介绍各种多元统计方法的理论和应用。主要内容包括:多元分析概述、多元正态分布的参数估计、多元正态分布均值向量和协差阵的检验、判别分析、聚类分析、主成分分析、因子分析、相应分析、典型相关分析等。
●
相关链接 在E读中查询图书 在五车中查询图书 在当当中查询图书 在豆瓣中查询图书


正题名:应用多元统计分析     索取号:O212.4/154=3         预约/预借

序号 登录号 条形码 馆藏地/架位号 状态 备注
1 1244236   212442365   第二样本阅览室/ [索取号:O212.4/154=3] 在馆    
2 1244237   212442374   第三借阅区/ [索取号:O212.4/154=3] 在馆    
3 1244238   212442383   第三借阅区/ [索取号:O212.4/154=3] 在馆    
4 1244239   212442392   第三借阅区/ [索取号:O212.4/154=3] 在馆    
唐山师范学院图书馆 欢迎您!
大连网信软件有限公司© 版权所有